[Event "75th Tata Steel GpA"]
[Site "Wijk aan Zee NED"]
[Date "2013.01.25"]
[Round "11.6"]
[White "Giri, Anish"]
[Black "Caruana, Fabiano"]
[Result "1-0"]
[WhiteTitle "GM"]
[BlackTitle "GM"]
[WhiteElo "2720"]
[BlackElo "2781"]
[WhiteFideId "24116068"]
[BlackFideId "2020009"]
[EventDate "2013.01.12"]

1. d4 d5 2. c4 e6 3. Nf3 c6 4. Nc3 dxc4 5. a4 Bb4 6. g3 {Both players are
trying to avoid their common opening repertoire. Caruana isn't an expert in
the black lines and this probably shows.} Nf6 {"Kind of a mistake already." -
Giri.} (6... c5 {was Giri's post-game suggestion with Nc6 to come.} 7. Bg2 Nc6
8. Be3 (8. dxc5 Qxd1+ 9. Kxd1 {doesn't look very good for white.}) 8... Nge7 9.
O-O (9. dxc5) 9... Nf5 {was an improvement to a game played by a Giri team
mate in the Spanish League and he was wondering what to do to avoid this.}) 7.
Bg2 Nbd7 8. O-O {Giri considered this position fantastic "one of the elite
group of positions I really can play quite good. There is nothing to worry
about I have a bishop on g2."} O-O 9. Qc2 {"It's very difficult to play for
black." - Giri.Whio says Caruana is a good calculator but there isn't much to
calculate in thisposition.} (9. Nd2 Nb6 (9... e5 10. Nxc4 exd4 11. Qxd4 Nb6)
10. a5 {Looks nice for white.}) 9... Qa5 {"Very suspicious. He told me it
might have been theory but I'm not sure." - Giri.} (9... a5 10. e4 Re8 11. h3
c5 12. e5 cxd4 13. exf6 d3 14. Qb1 Nxf6 15. Qa2 e5 16. Qxc4 e4 17. Ng5 d2 18.
Qxf7+ Kh8 19. Qc4 Re7 20. Bxd2 Qxd2 21. Nf7+ Kg8 22. Nxe4 Nxe4 23. Nh6+ {1-0
Stupak,K (2504)-Posedaru,B (2294)/Chotowa POL 2010/The Week in Chess 822}) 10.
Na2 (10. Bf4 {0-1 Goldin,A (2595)-Kaidanov,G (2550)/Philadelphia 1992/TD (63)})
(10. e4 {"Is the kind of move I don't really want to play because .... I like
to keep the diagonal open for my bishop." - Giri.}) 10... Bd6 $6 (10... Be7 {
"Is a bit more to the point." - Giri.} 11. Qxc4 (11. Bd2 Qh5 12. Qxc4 e5 {I
think white is better but I'm not sure. - Giri}) 11... Nb6 12. Qc2 Qxa4 13. b3
{isn't as good as in the game for white.}) 11. Qxc4 (11. Bd2 Qh5 12. Qxc4 e5 {
was Giri's initial plan.}) 11... Nb6 {Finally this seems to be new.} (11... e5
{1-0 Ilincic,Z (2555)-Blagojevic,D (2450)/Nis 1996/EXT 1999 (41)}) (11... e5)
12. Qc2 Qxa4 {"Very, very risky, I think he played it because otherwise he's
just worse." - Giri.} (12... Qf5 13. Qb3 {and white's pieces are quite awkward.
}) 13. b3 Qa5 (13... Qb5 14. Ne5 {and black is also struggling.} Bxe5 (14... c5
15. Nc3) (14... Nbd7) (14... Nbd5 15. Nd3 Nb6 16. Nc5 Nbd7 17. Ba3 {with at
least enough compensation.}) 15. Nc3 Qb4 16. dxe5 {with Ba3 to follow.}) 14.
Ne5 Nbd7 (14... Bxe5 15. Bd2 Qb5 16. Nc3 Qb4 17. dxe5 Nfd7 18. Nd5) 15. Nc4 Qc7
16. Nxd6 (16. e4 Be7 17. Nc3 Nb6 {in this kind of position you can miss a move
and it's pretty much level.}) 16... Qxd6 {Grabbing the two bishops after which
white will always have some kind of compensation for the pawn.} 17. Rd1 e5 {
Anish Giri thinks that black did this a little bit out of desperation.} (17...
Re8 18. e4 Qe7 {and white is clearly on top. Now there is a massacre.}) 18. Nc3
$1 {After finding this black's position disintegrates very quickly.} (18. dxe5
Qxe5 {initially Giri thought this was very good for white but couldn't find
anything special after a think.} 19. Bf4 Qh5) 18... exd4 19. Ba3 c5 $2 {This
works out dreadfully. White is now winning.} (19... Qe5 20. Bxf8 Nxf8 21. Ne4 {
and Giri realised he was clearly better.} Bf5 (21... Nxe4 22. Qxe4 Qxe4 23.
Bxe4) 22. Qc5 $1 {It was important to understand that this is something that
white wants to get.}) 20. e3 d3 (20... Qc7 21. exd4 Re8 22. dxc5 {wins}) 21.
Rxd3 Qb8 22. Nd5 Nxd5 23. Rxd5 {What follows is just grusome. Every piece ends
up pointed at black's king whilst he can't develop at all.} b6 {This or b5 was
black's last big idea for counterplay. But white won't take the exchange back.}
24. Bb2 a5 {"From now on I was trying to find a way to give my queen." said
Giri who is obviously winning here but has a number of ways to go about it.}
25. Ra4 (25. Rh5 g6 26. Qf5 {might well have done this but in a way the way
the game finishes is even nicer.}) 25... Re8 26. Rg5 g6 27. Bd5 Kf8 {Giri was
looking for flashy queen sacrifices but instead does something even more
impressive forcing resignation without executing any of his threats.} 28. Rf4 {
There is not a single reason for black to continue.} 1-0

[Event "75th Tata Steel GpB"]
[Site "Wijk aan Zee NED"]
[Date "2013.01.25"]
[Round "11.3"]
[White "Dubov, Daniil"]
[Black "Tiviakov, Sergei"]
[Result "1-0"]
[WhiteTitle "GM"]
[BlackTitle "GM"]
[WhiteElo "2600"]
[BlackElo "2655"]
[WhiteFideId "24126055"]
[BlackFideId "1008013"]
[EventDate "2013.01.12"]

1. d4 Nf6 2. c4 e6 3. Nc3 Bb4 4. e3 O-O 5. Ne2 d5 6. a3 Be7 7. cxd5 exd5 8. Nf4
c6 9. Bd3 Re8 10. O-O Nbd7 11. f3 Nb6 12. Kh1 c5 13. Bc2 cxd4 14. Qxd4 Be6 15.
Nxe6 fxe6 16. Qd3 Rc8 17. e4 dxe4 18. Qe2 Qc7 19. Bb3 Bd6 20. Bg5 Kh8 21. Nb5
Qb8 22. Rad1 Bc5 23. fxe4 a6 24. e5 Nfd5 25. Bc2 Be3 26. Nd6 Bxg5 27. Nf7+ Kg8
28. Bxh7+ Kxh7 29. Qe4+ 1-0

[Event "75th Tata Steel GpB"]
[Site "Wijk aan Zee NED"]
[Date "2013.01.25"]
[Round "11.4"]
[White "Naiditsch, Arkadij"]
[Black "Rapport, Richard"]
[Result "1-0"]
[WhiteTitle "GM"]
[BlackTitle "GM"]
[WhiteElo "2708"]
[BlackElo "2621"]
[WhiteFideId "4650891"]
[BlackFideId "738590"]
[EventDate "2013.01.12"]

1. e4 e6 2. d4 d5 3. Nc3 Bb4 4. exd5 exd5 5. Bd3 c6 6. Ne2 Ne7 7. Ng3 O-O 8. O-O
Nd7 9. Nce2 Bd6 10. Re1 Re8 11. h3 Nf8 12. Be3 Nfg6 13. Qd2 Be6 14. Nh5 Nf5 15.
Bxf5 Bxf5 16. Neg3 Bd7 17. Re2 f6 18. Rae1 Re7 19. Qd3 Qc7 20. Bd2 Rae8 21. c4
Bxg3 22. Nxg3 Rxe2 23. Rxe2 Rxe2 24. Nxe2 Be6 25. c5 Qd7 26. f3 Bf5 27. Qa3 a6
28. g4 Qe7 29. Kf2 Bc8 30. Bf4 f5 31. Qe3 Kf7 32. Qxe7+ Kxe7 33. g5 Kf7 34. Kg3
Nf8 35. h4 Ne6 36. h5 Bd7 37. Kh4 g6 38. h6 Ke7 39. Bd6+ Kd8 40. f4 Be8 41. Kg3
Kd7 42. Be5 Kc8 43. Nc3 Nf8 44. Na4 Nd7 45. Bd6 Bf7 46. Kf3 Be8 47. Ke3 Bf7 48.
Kd3 Be8 49. Kc3 Bf7 50. Kb4 Be8 51. Ka5 Bf7 52. b3 Be8 53. Nb2 Bf7 54. Nd3 Be8
55. a4 Bf7 56. Nb4 Be8 57. Nxa6 bxa6 58. Kxa6 1-0

[Event "75th Tata Steel GpC"]
[Site "Wijk aan Zee NED"]
[Date "2013.01.25"]
[Round "11.1"]
[White "Van Der Werf, Mark"]
[Black "Schut, Lisa"]
[Result "0-1"]
[WhiteTitle "IM"]
[BlackTitle "WIM"]
[WhiteElo "2450"]
[BlackElo "2295"]
[WhiteFideId "1000470"]
[BlackFideId "1019481"]
[EventDate "2013.01.12"]

1. c4 g6 2. Nf3 Bg7 3. d4 Nf6 4. g3 c6 5. Bg2 d5 6. b3 dxc4 7. bxc4 c5 8. Bb2
Ne4 9. O-O Nc6 10. e3 O-O 11. Nbd2 Nxd2 12. Qxd2 cxd4 13. exd4 Bg4 14. d5 Bxf3
15. Bxf3 Ne5 16. Be2 Rc8 17. Rfc1 b6 18. a4 a5 19. Rab1 h5 20. Bxe5 Bxe5 21. Qe3
Bc7 22. Re1 Qd6 23. Bd3 Rfe8 24. c5 bxc5 25. Bb5 Red8 26. Qxe7 Qxd5 27. Ba6 Re8
28. Qxe8+ Rxe8 29. Rxe8+ Kg7 30. Rc1 Be5 31. Bc4 Qd2 32. Rf1 Bf6 33. h4 Qc3 34.
Bb5 Bd4 35. Kg2 Qb3 36. Re2 Qd5+ 37. f3 g5 38. hxg5 Qxg5 39. Re4 f5 40. f4 Qd8
41. Re8 Qd5+ 42. Kh3 Bf6 43. Rc8 h4 44. gxh4 Qb3+ 45. Kh2 Qc2+ 46. Kh3 Qc3+ 47.
Kg2 Bxh4 48. Rf3 Qd2+ 49. Kh3 Qd1 50. Kg2 Qd5 51. Rc7+ Kf8 52. Rc8+ Ke7 53. Rc7+
Kf8 54. Rc8+ Kf7 55. Rc7+ Be7 56. Rd7 Qe4 57. Rd3 Bf6 58. Re3 Qd5 59. Re2 c4 60.
Kg3 Bh4+ 61. Kg2 c3 62. Bd3 Bf6 63. Bc2 Kf8 64. Kg3 Bd4 65. Kg2 Bf6 66. Kg3 Qg8+
67. Kh2 Qg4 68. Ref2 Bh4 69. Rf1 Be1 70. Bxf5 Qh5+ 71. Kg2 Qe8 72. Bd3 Bd2 73.
Bc2 Qe6 74. f5 Qa2 75. Bd1 c2 76. Bxc2 Qxc2 77. R1f2 Qc1 78. f6 Be1 79. Re2 Qd1
80. Ree3 Bd2 81. Rd3 Qe2+ 82. Kh3 Qe6+ 83. Kg2 Qg4+ 84. Kf1 Kf7 85. Ke2 Bg5 86.
Kd1 Qxa4+ 87. Ke2 Qc6 88. Rc3 Qd6 89. Rcd3 Qe6+ 90. Kd1 Bxf6 91. Kc1 a4 92. Kb1
Qe4 93. Ka2 Qb4 0-1